| 000 | 01585cam a22003614a 4500 | ||
|---|---|---|---|
| 001 | 14031822 | ||
| 003 | ARRUPE | ||
| 005 | 20161128112819.0 | ||
| 008 | 050711s2005 mau b 001 0 eng | ||
| 010 | _a 2005019779 | ||
| 020 | _a1565636066 (alk. paper) | ||
| 040 |
_aDLC _cDLC _dDLC |
||
| 041 | 1 |
_aeng _hita |
|
| 042 | _apcc | ||
| 050 | 0 | 0 |
_aBR67 _b.M73 2005 |
| 082 | 0 | 0 |
_a270.1 _222 |
| 100 | 1 |
_aMoreschini, Claudio. _93152 |
|
| 240 | 1 | 0 |
_aStoria della letteratura cristiana antica greca e latina. _lEnglish |
| 245 | 1 | 0 |
_aEarly Christian Greek and Latin literature : _ba literary history / _cClaudio Moreschini and Enrico Norelli ; translated by Matthew J. O'Connell. |
| 260 |
_aPeabody, Mass. : _bHendrickson Publishers, _cc2005. |
||
| 300 |
_a2 v. ; _c25 cm. |
||
| 504 | _aIncludes bibliographical references and index. | ||
| 505 | 1 | _av. 1. From Paul to the age of Constantine -- v. 2. From the council of Nicea to the beginning of the medieval period. | |
| 650 | 0 |
_aChristian literature, Early _xGreek authors. _927570 |
|
| 650 | 0 |
_aChristian literature, Early _xLatin authors. _93154 |
|
| 650 | 0 |
_aGreek literature _xHistory and criticism. _93155 |
|
| 650 | 0 |
_aLatin literature _xHistory and criticism. _93156 |
|
| 700 | 1 |
_aNorelli, Enrico. _93157 |
|
| 856 | 4 | 1 |
_3Table of contents _uhttp://www.loc.gov/catdir/toc/ecip0516/2005019779.html |
| 906 |
_a7 _bcbc _corignew _d1 _eecip _f20 _gy-gencatlg |
||
| 942 |
_2lcc _cMONOGRAPH |
||
| 999 |
_c125764 _d125764 |
||